| 000 | 00736nam a2200241Ia 4500 | ||
|---|---|---|---|
| 003 | OSt | ||
| 005 | 20220927105734.0 | ||
| 006 | a|||||r|||| 00| 0 | ||
| 007 | ta | ||
| 008 | 220926b |||||||| |||| 00| 0 eng d | ||
| 020 | _a9789350742037 | ||
| 024 | _a206694 | ||
| 037 | _cReference Collections | ||
| 040 |
_aRTL _cRTL _beng |
||
| 041 |
_2eng _aeng |
||
| 082 | _a"Y72:3(Q).2, Q5" | ||
| 100 |
_aRATNABALI Kongbrailatpam _9374624 |
||
| 245 | 0 |
_aLaw and development policies _b Impact on tribals cultural & religious spaces |
|
| 260 |
_aNew _b"Delhi, Abhijeet Publications, " _c2015 |
||
| 300 |
_a324p. _ccm. |
||
| 942 |
_h"Y72:3(Q).2, Q5" _cCC |
||
| 999 |
_c694284 _d694284 |
||